01491nab a22002657a 4500999001500000003000400015005001700019008004100036040000700077100003500084245013100119260007200250300001400322500003900336505034500375505012500720505008900845650002600934650001800960650003600978650002701014650002801041773014301069942001301212 c6044d6044OSt20260118213306.0190605e xxu||||| |||| 00| 0 spa d cPJ 95286aRodríguez, Sergio Omar10aReparación del daño por clandestinidad laboral tras la ley 27.742. Análisis del fallo Vasold /cSergio Omar Rodríguez. aCiudad Autónoma de Buenos Aires :bThomson Reuters La Ley,c2025. ap. 97-107 aCita: TR LALEY AR/DOC/2679/2025.  aSumario: I. Introducción.— II. Antecedentes del caso.— III. Marco normativo y debate constitucional.— IV. La reparación integral en el derecho del trabajo.— V. Extensión de responsabilidad a los socios y desestimación de la personalidad jurídica.— VI. Valoración crítica del precedente.— VII. A modo de colofón.  aFallo comentado: JNTrab. Nro. 77 ~ 08/09/2025 ~ Vasold, Vanesa Soledad c. MPV Construcciones S.R.L. y otros s/ despido. t¿Te interesa el texto completo? Solicitalo al correo: koha@justierradelfuego.gov.ar 091316aDERECHO LABORAL 091533aDESPIDO 091534aINDEMNIZACION POR DESPIDO 093327aDAÑO MATERIAL  0aDAÑO EXTRAPATRIMONIAL0 0271193168dCiudad Autónoma de Buenos Aires : Thomson Reuters La Ley, 1999-2002.tRevista de derecho del trabajo. Nº 6 - Noviembre 2025 2udccANA